| 000 | 01512ngm a2200253 u 4500 | ||
|---|---|---|---|
| 005 | 20250809063836.0 | ||
| 008 | 080930s2006 mx 018 aaspa d | ||
| 035 | _aUPN01000161641 | ||
| 049 | _aAV | ||
| 050 | 4 | _aDVD LC 90 | |
| 245 | 0 | 0 |
_aManzanas y naranjas = Apples and oranges / _cdir. Lynne Fernie. |
| 260 |
_aMéxico : _bQuality Films, _cc2006. |
||
| 300 | _a1 DVD (18 min.) | ||
| 440 | 0 | _aIdeas educativas | |
| 500 | _aCaracterísticas especiales: español e inglés, menús interactivos, avances | ||
| 520 | _aPrograma enfocado a crear conciencia entre los niños y los jóvenes, donde se les explica de manera sencilla y mediante una dinámica en el salón de clases, cómo las malas palabras pueden herir y humillar a las personas de diferentes preferencias sexuales. También podrás entender el significado de las palabras homosexual , gay o lesbiana. Mediante dos cuentos con increíbles animaciones se presentan dos casos en donde podrás ver cómo los jóvenes son discriminados por sus compañeros de la escuela y cómo los mismos amigos se alejan de ellos. Evitar este problema y hacer conciencia en los niños es tarea de los padres, de los maestros, y de una buena educación. | ||
| 533 | _aMultiregión | ||
| 650 | 4 |
_aHOMOSEXUALIDAD Y EDUCACION _97913 |
|
| 650 | 0 |
_aDiscriminación sexual en la educación _99139 |
|
| 650 | 4 |
_aPersonas homosexuales _xCondiciones sociales _9189 |
|
| 650 | 4 |
_aEducación inclusiva _97100 |
|
| 700 | 1 |
_aFernie, Lynne, _edir. |
|
| 905 | _aAudiovisuales | ||
| 999 |
_c133754 _d133754 |
||